Obálka Náhled e-knihy:
PDF Epub
Pro půjčování e-knih musíte být přihlášeni.
Jak si půjčit online?

Detektivové z půdy. 1, Zmizení perlového náhrdelníku /

Začátek dobrodružné detektivní série. Parta kamarádů vyšetřuje svůj první případ.

Uloženo v:
Série:Detektivové z půdy, část 1
Hlavní autor: Bjørk, Samuel, 1969- (Autor)
Další autoři: Kristiansen, Ingvild Th. 1993- (Autor), Dohnálková, Eva (Ilustrátor)
Médium: E-kniha
Jazyk:Czech
Vydáno: V Praze : Fragment, 2020
Vydání:1. vydání
Témata:
Příbuzné jednotky:Přeloženo z: Detektivene på Torshov
Z cyklu:: Detektivové z půdy
Tagy:
Žádné tagy
LEADER 02837cam a2200553 i 4500
001 311228
003 CZ PrSKC
005 20260601215702.0
007 ta
008 200929s2020 xr a c 000 j cze d
015 |a cnb003256009 
020 |a 9788025348123  |q (vázáno) :  |c Kč 229,00 
035 |a (OCoLC)1226361580 
040 |a CBA001  |b cze  |d ABG001  |d BOA001  |e rda 
041 1 |a cze  |h nor 
072 7 |a 821.11  |x Germánské literatury  |2 Konspekt 
072 7 |a 821-93  |x Literatura pro děti a mládež (beletrie)  |2 Konspekt 
080 |a 821.113.5-32  |2 MRF 
080 |a 821-93  |2 MRF 
080 |a (0:82-322.4)  |2 MRF 
100 1 |a Bjørk, Samuel,  |d 1969-  |7 mzk2015885488  |4 aut 
240 1 0 |a Forsvunne perlekjedet.  |l Česky 
245 1 0 |a Detektivové z půdy.  |n 1,  |p Zmizení perlového náhrdelníku /  |c Samuel Bjørk ; ilustrovala Ingvild Th. Kristiansenová ; přeložila Eva Dohnálková 
246 3 0 |a Zmizení perlového náhrdelníku 
250 |a 1. vydání 
264 1 |a V Praze :  |b Fragment,  |c 2020 
300 |a 118 stran :  |b ilustrace ;  |c 20 cm 
336 |a text  |b txt  |2 rdacontent 
337 |a bez média  |b n  |2 rdamedia 
338 |a svazek  |b nc  |2 rdacarrier 
500 |a Přeloženo z norštiny 
520 2 |a Začátek dobrodružné detektivní série. Parta kamarádů vyšetřuje svůj první případ.  |b Kim chodí do šesté třídy ve čtvrti Torshov v Oslu. Když musí kvůli zranění ukončit fotbalovou kariéru, rozhodne se založit s kamarády detektivní klub. Pravidelně se scházejí na půdě, volají si z jedné strany dvora na druhou pomocí vysílačky, a než se nadějí, musejí řešit opravdickou záhadu. Kdo ukradl vzácný perlový náhrdelník? Nakladatelská anotace. Kráceno. 
521 8 |a Pro čtenáře od 8 let 
655 7 |a norské příběhy  |7 fd183164  |2 czenas 
655 7 |a detektivní příběhy  |7 fd132009  |2 czenas 
655 7 |a publikace pro děti  |7 fd133156  |2 czenas 
655 9 |a Norwegian stories  |2 eczenas 
655 9 |a detective stories  |2 eczenas 
655 9 |a children's literature  |2 eczenas 
700 1 |a Kristiansen, Ingvild Th.  |q (Ingvild Thomassen),  |d 1993-  |7 xx0252253  |4 ill 
700 1 |a Dohnálková, Eva  |7 js20081024002  |4 trl 
765 0 |t Detektivene på Torshov 
787 0 8 |i Z cyklu:  |t Detektivové z půdy  |g 1 
900 |a ABA001  |b 20 
928 9 |a Albatros Media - Fragment 
044 |a xr 
910 |a RBIT002 
998 |d 208664  |a https://core.palmknihy.cz/api/books/208664/cover?si7cx7  |b https://core.palmknihy.cz/api/books/208664/cover/400?si7cx7  |c https://core.palmknihy.cz/api/books/208664/cover/50?si7cx7  |e 2026-10-16  |g 120  |i 9788025348123  |j https://core.palmknihy.cz/api/books/208664/preview.epub  |k https://core.palmknihy.cz/api/books/208664/preview.pdf  |l   |q 49  |r 1  |s https://www.palmknihy.cz/kniha/208664  |t ebook  |y 2020  |z 0  |v Detektivové z půdy  |w 1 
999 |d 311226